Política y delito /

Kaydedildi:
Detaylı Bibliyografya
Yazar: Enzensberger, Hans Magnus (autor)
Diğer Yazarlar: Sala, Lucas (traducción) (traducción)
Materyal Türü: Kitap
Dil:İspanyolca
Baskı/Yayın Bilgisi: Barcelona, España : Seix Barral, 1968, c1966
Seri Bilgileri:(Biblioteca Breve de Bolsillo. Libros de Enlace ; 19)
Konular:
Etiketler: Etiketle
Etiket eklenmemiş, İlk siz ekleyin!

MARC

LEADER 00000nam^a2200000^a^4500
001 000419777
005 20250526000000.0
009 20260310122452.441
037 |a Acervo ITESO - Biblioteca 
041 |a ESP 
082 |a 364. 27  |b ENZ 
100 |a Enzensberger, Hans Magnus  |e (autor) 
245 1 0 |a Política y delito /  |c H.M. Enzensbergerg ; tr. por L. Sala 
264 4 |a Barcelona, España :  |b Seix Barral,  |c 1968, c1966 
300 |a 313 p. ;  |c 18.5 cm. 
336 |a texto  |b txt  |2 rdacontenido 
337 |a sin mediación  |b n  |2 rdamedio 
338 |a volumen  |b nc  |2 rdasoporte 
440 1 |a (Biblioteca Breve de Bolsillo.  |p Libros de Enlace ;  |v 19) 
500 |a Traducción de: Politik und Verbrechen 
545 0 |a El alemán Hans Magnus Enzensberger (Kaufbeuren, 1929) se formó en las universidades de Erlangen, Friburgo, Hamburgo y en la Sorbona de París. Anticonformista y defensor de la democracia, ha sido un agudo crítico de los vicios del sistema político y de la cultura de masas, lo mismo en sus textos ensayísticos que en su narrativa. Su obra incluye títulos como Detalles, Mediocridad y delirio, Para una crítica de la ecología política, Elementos para una teoría de los medios de comunicación, Política y delito, Defensa de los lobos, Escritura para ciegos, Poesías para los que no leen poesías, El hundimiento del Titanic, Josefine y yo, En busca de Robert e Historia de las Nubes, por citar algunos. Posee numerosos premios, entre ellos el Georg Büchner (1963) y el Príncipe de Asturias de Comunicación y Humanidades (2002). 
586 |a Premio Príncipe de Asturias de Comunicación y Humanidades 2002 
649 |a XX 
650 |a Crimen Organizado 
650 |a Delitos -  |x Aspectos Políticos -  |x Tema Principal 
650 |a Legalidad e Ilegalidad 
650 |a Comportamiento Político 
650 |a Cultura Política 
650 |a Proceso Político 
650 |a Política 
650 |a Criminología 
700 |a Sala, Lucas  |e (traducción) 
910 |a Fondo Alfonso de Alba Martín 
920 |a Impresos - Libros 
930 |a Libros Antiguos y Raros 
905 |a 125 
901 |a 0500338895  |b IT2  |c LRA  |i D97838  |u 20250526 
902 |a https://opac.biblio.iteso.mx/vufind/Record/000419777